Sociology of G.S. Ghurye (Record no. 542227)

MARC details
000 -LEADER
fixed length control field 00553nam a2200193Ia 4500
008 - FIXED-LENGTH DATA ELEMENTS--GENERAL INFORMATION
fixed length control field 240825s9999 xx 000 0 und d
020 ## - INTERNATIONAL STANDARD BOOK NUMBER
ISBN 9788131610831
Paper back/Hardbound hbk
041 ## - LANGUAGE CODE
Language code of text/sound track or separate title eng
082 ## - DEWEY DECIMAL CLASSIFICATION NUMBER
Classification number 301.092
Item number PRA
100 ## - MAIN ENTRY--AUTHOR NAME
Personal name Pramanick, S.K
245 #0 - TITLE STATEMENT
Title Sociology of G.S. Ghurye
Statement of responsibility, etc / S.K. Pramanick
250 ## - EDITION STATEMENT
Edition statement 2nd ed.
260 ## - PUBLICATION, DISTRIBUTION, ETC. (IMPRINT)
Name of publisher Rawat Publication
Year of publication c2020
Place of publication New Delhi
300 ## - PHYSICAL DESCRIPTION
Number of Pages 324p
Dimensions 23 cm.
504 ## - BIBLIOGRAPHY, ETC. NOTE
Bibliography, etc Includes bibliographies and index
650 ## - SUBJECT ADDED ENTRY--TOPICAL TERM
Topical Term Sociology; Ghurye, G. S. 1893-1983 Inde Conditions sociales India
942 ## - ADDED ENTRY ELEMENTS (KOHA)
Koha item type English Books
Holdings
Withdrawn status Lost status Damaged status Not for loan Home library Current library Shelving location Date acquired Cost, normal purchase price Full call number Accession Number Price effective from Koha item type Copy number
        Anna Centenary Library Anna Centenary Library 3RD FLOOR, B WING 05.04.2024 1295.00 301.0954 PRA 662229 05.04.2024 English Books  
        Anna Centenary Library Anna Centenary Library 3RD FLOOR, B WING 05.04.2024 1295.00 301.092 PRA;1 662230 05.04.2024 English Books 1

Find us on the map